000 00649nam a22001817a 4500
999 _c193402
_d193402
005 20221027171938.0
010 _aENG-135544
020 _a9789386262035
_c170.00
035 _aEN-119076
037 _bDBAD/PUB
082 _a371.90460954
245 _aEducation of the marginalised:
_bincluding the excluded/
_ced. by Indrajeet Dutta
260 _aDelhi
_bShipra publications
_c2017
270 _aLG 18-19, Pankaj central market, I.P. Ext., patparganj
_bDelhi
_e110092
_k011-22235152
_minfo@shiprapublication.com
300 _a198p.
_c22cm(pbk)
_bIndex
700 _aDutta, Indrajeet
_eEditor
942 _2ddc
_cEN
_mEDU
_h371.90460954